History Quiz

Random History or Europe Quiz

Three-Part Names: European History Quiz Stats

 Plays Quiz Updated Jan 30, 2015

Challenge
Share
Tweet
Score 0/20 Timer 08:00
9 Plays Today
% Correct
Wolfgang
98%
Vincent
96.3%
Otto
92%
Hans
90.7%
Arthur
88.8%
Vasco
84.2%
Gaius
81.1%
George
80.2%
Robert
79.4%
Pyotr
78.3%
% Correct
Anne
69.1%
Elizabeth
66%
John
62%
Catherine
60.6%
Samuel
55.2%
Peter
54.6%
William
52.6%
Josip
51.9%
Federico
41.1%
Dante
36.2%

You're not logged in!

Compare scores with friends on all Sporcle quizzes.
Join for Free
OR
Log In

You Might Also Like...

Show Comments

Extras

Top Quizzes Today


Score Distribution

Your Account Isn't Verified!

In order to create a playlist on Sporcle, you need to verify the email address you used during registration. Go to your Sporcle Settings to finish the process.

Report this User

Report this user for behavior that violates our Community Guidelines.

Details: